| 000 | 00805cam a22002411 4500 | ||
|---|---|---|---|
| 001 | sa 66001450 | ||
| 003 | DLC | ||
| 005 | 20260227112222.0 | ||
| 008 | 881117s1963 ii d 000 0 hino | ||
| 010 | _asa 66001450 | ||
| 035 | _a(OCoLC)18775926 | ||
| 040 |
_aDLC _cNRU _dDLC |
||
| 050 | 0 | 0 |
_aPK927.H5 _bS6 |
| 245 | 0 | 0 |
_aŚrīkoṣaḥ : _bHindī-Saṃskr̥ta koṣa. _cSampādaka, Śrīkedāranātha Śarmā. |
| 250 | _a[1. saṃskaraṇa.] | ||
| 260 |
_aVārāṇasī, _bCaukhambā Sanskr̥ita Sīrīja Āfice, _c[1963] |
||
| 300 |
_a2, 2, 116 p. ; _c18 cm. |
||
| 490 | 1 |
_aHaridas Sanskrit series ; _v127 |
|
| 500 | _aHindi and Sanskrit. | ||
| 650 | 0 |
_aHindi language _xDictionaries _xSanskrit. |
|
| 700 | 1 |
_aŚarmā, Kedāranātha, _d1914- |
|
| 830 | 0 |
_aHaridāsa Saṃskr̥ta granthamālā ; _v127. |
|
| 999 |
_c67821 _d67821 |
||